| 000 | 00520nam a22001577a 4500 | ||
|---|---|---|---|
| 008 | 230621b |||||||| |||| 00| 0 eng d | ||
| 040 |
_aNational Science Library _cNational Science Library |
||
| 080 |
_a626.1 _bM3 |
||
| 100 |
_aRoy, T K _9900 |
||
| 245 | _aImpact of Rajasthan canal project on social, economic and environmental conditions | ||
| 260 |
_aNew Delhi: _bNational Council of Applied Economic Research, _c1983 |
||
| 300 | _a179p. | ||
| 650 | _aSocial science | ||
| 653 | _aLand holding | ||
| 942 |
_2udc _cBK |
||
| 999 |
_c45753 _d45753 |
||